000 00630nam a22002177a 4500
003 BPGM
005 20260626220303.0
008 260626b mx ||||| |||| 00| 0 spa d
020 _aSIN ISBN
040 _aBPGM
_bspa
041 _aspa
_hspa
082 0 4 _a351.05 /
_bI43M
100 _aGONZÁLEZ VALLE, MANUEL
245 _aTODOS POR QUERETARO
_bSEGUNDO INFORME DE GOBIERNO
260 _aQUERETARO;
_bCOMISION DE TRANSPARENCIA,
_c2008.
300 _a192 paginas
_c30 cm x 24 cm
336 _2rdacontent
_atexto
_btxt
337 _2rdamedia
_asin mediación
_bn
338 _2rdacarrier
_avolumen
_bnc
942 _2ddc
_cCOLQ
999 _c68681
_d68681